Zuban Te Zaria Taleem / (Record no. 525995)
[ view plain ]
| 000 -LEADER | |
|---|---|
| fixed length control field | 00471nam a22001697a 4500 |
| 003 - CONTROL NUMBER IDENTIFIER | |
| control field | NUST |
| 020 ## - INTERNATIONAL STANDARD BOOK NUMBER | |
| International Standard Book Number | 978965930786 |
| Qualifying information | H/B |
| 038 ## - RECORD CONTENT LICENSOR | |
| Staff Name | waseem |
| 082 ## - DEWEY DECIMAL CLASSIFICATION NUMBER | |
| Classification number | 491.439 |
| Author Mark | MUS |
| 100 ## - MAIN ENTRY--PERSONAL NAME | |
| Personal name | Mustafa, Zubaida |
| 9 (RLIN) | 16948 |
| 245 ## - TITLE STATEMENT | |
| Title | Zuban Te Zaria Taleem / |
| Statement of responsibility, etc. | Zubaida Mustafa |
| 260 ## - PUBLICATION, DISTRIBUTION, ETC. | |
| Place of publication, distribution, etc. | Lahore : |
| Name of publisher, distributor, etc. | Sanjh Publications, |
| Date of publication, distribution, etc. | 2012. |
| 300 ## - PHYSICAL DESCRIPTION | |
| Extent | 126 p. ; |
| 880 ## - ALTERNATE GRAPHIC REPRESENTATION | |
| Linkage | 100-01\r |
| Title | زبیدہ مصطفی |
| 880 ## - ALTERNATE GRAPHIC REPRESENTATION | |
| Linkage | 245-02\r |
| Title | زبان تے زریعہ تعلیم |
| 942 ## - ADDED ENTRY ELEMENTS (KOHA) | |
| Source of classification or shelving scheme | |
| Koha item type | Book |
| Withdrawn status | Lost status | Source of classification or shelving scheme | Damaged status | Not for loan | Permanent Location | Current Location | Shelving location | Date acquired | Total Checkouts | Full call number | Barcode | Date last seen | Price effective from | Koha item type |
|---|---|---|---|---|---|---|---|---|---|---|---|---|---|---|
| Central Library (CL) | Central Library (CL) | Punjabi Literature | 07/08/2019 | 491.439 MUS | CL-E-914 | 07/08/2019 | 07/08/2019 | Book |
